000 00216 a2200109 4500
020 _a9780694016501
041 _aspa
100 _aWise Brown, Margaret
245 _aEl conejito andarin
942 _cBK
952 _74
999 _c19905
_d19905